Proyecto Parque Cementerio Las Mariposas, un estudio de prefactibilidad
Uloženo v:
| Hlavní autor: | |
|---|---|
| Další autoři: | , |
| Médium: | Kniha |
| Jazyk: | španělština |
| Vydáno: |
bic.
UNACH, Facultad de Ciencias Económicas y Administrativas.
2002.
|
| Témata: | |
| Tagy: |
Přidat tag
Žádné tagy, Buďte první, kdo vytvoří štítek k tomuto záznamu!
|
MARC
| LEADER | 00000nam a22000005a 4500 | ||
|---|---|---|---|
| 001 | 15084 | ||
| 003 | CL-ChBUA | ||
| 005 | 20120815103539.0 | ||
| 008 | 070301s2002 cl 000 0dspa | ||
| 040 | |a CL-ChBUA |c CL-ChBUA | ||
| 090 | |c 15084 |d 15084 | ||
| 100 | 1 | |a Moyano Fuentes, Izzie. | |
| 245 | 1 | 0 | |a Proyecto Parque Cementerio Las Mariposas, un estudio de prefactibilidad |
| 260 | |b UNACH, Facultad de Ciencias Económicas y Administrativas. |a bic. |c 2002. | ||
| 300 | |a 159 p. |c 28 cm. | ||
| 500 | |a Seminario. | ||
| 504 | |a Bibl. pp. 108-109; índice. | ||
| 650 | 4 | |a PARQUE CEMENTERIO LAS MARIPOSAS-ESTUDIO DE PREFACTIBILIDAD. | |
| 700 | 1 | |a Norambuena Velásquez, Maricel. | |
| 700 | 1 | |a Sánchez Castro, Ana María. | |
| 942 | |c LTS | ||
| 945 | |c INGENIERO DE EJECUCION EN ADMINISTRACION DE EMPRESAS. | ||
| 952 | |0 0 |1 0 |2 ddc |4 0 |6 SEM___I_E_A_E__M_938_200200000000000_UNACH_IMPRESO |7 0 |9 21117 |a UNACH |b UNACH |c Hemeroteca |d 2007-03-05 |i 34.719 |l 0 |o Sem. I.E.A.E. / M 938 2002 UNACH Impreso. |p 22116 |r 2016-05-18 00:00:00 |u 21117 |w 2012-08-08 |y LTS |k Sem. I.E.A.E. / M 938 2002 UNACH | ||
| 999 | |c 15084 |d 15084 | ||